000
00256nam a22001217a 4500
008
170831b xxu||||| |||| 00| 0 eng d
041
_a
eng
080
_a
621.397.13
100
_a
40
101
_a
MED
245
_a
THE BRAIN
_c
RESTAK,R.M
942
_2
udc
_c
BK
999
_c
25792
_d
25792